| 000 | 00358nam a22001457a 4500 | ||
|---|---|---|---|
| 020 | _qPB. | ||
| 040 | _cFIZZA ISHAQ | ||
| 082 |
_a624.1513 _bROB |
||
| 100 |
_aWILLIAM, HOLTZ D. ROBERT. _989478 |
||
| 245 |
_aGEOTECHNICAL ENGINEERING / _cROBERT D. HOLTZ WILLIAM. |
||
| 250 | _a2nd ED. | ||
| 260 |
_bPEARSON, _c2011. |
||
| 300 | _a863 P. ; | ||
| 942 |
_2ddc _cBK |
||
| 999 |
_c588205 _d588205 |
||